Responses for Show #1696 - Monday, January 6, 1992

Contestants

[<< previous game]

Bruce Gardner, a veterinarian from Cerritos, California

Janet Sargent, a medical billing manager from Croydon, Pennsylvania

Todd Lefkowitz, a physician from Scottsdale, Arizona (whose 3-day cash winnings total $28,200)

[next game >>]

Jeopardy! Round responses

AMERICAN HISTORY
TELEVISION
HOLIDAYS & OBSERVANCES
ART
FAMOUS WOMEN
HOMOPHONIC PAIRS
    $100 4
a cannon

Bruce
    $100 8
Gimme a Break

Todd
    $100 21
Japan

Todd
    $100 1
Verona

Todd
    $100 15
(Alex: Yes, Ellen Morphonios.)

a judge

Bruce
    $100 16
a bare bear

Bruce
    $200 5
Virginia

Janet
    $200 9
Jane Curtin

Janet
    $200 22
(Bruce: What is April?)

January

Bruce
Triple Stumper
    $200 2
Whistler's mother

Todd
    $200 23
Martina Navratilova

Todd
    $200 17
stationary stationery

Janet
    $300 6
Salem

Janet
    $300 10
Trapper John, M.D.

Janet
    $300 28
(Janet: What are the commandment tablets?)

the temples

ToddJanet
    $300 3
Goya

Janet
    $300 24
Barbara Walters

Bruce
    $300 18
a wry rye

Todd
    $400 7
Andrew Johnson

Todd
    $400 11
Edward Woodward

Todd
    $400 29
Ramadan

Janet
    $400 13
London

Janet
    $400 25
Betty Comden

Todd
    $400 19
seize seas

Bruce
    $500 14
Susan B. Anthony

Bruce
    $500 12
(Alex: Played by Anson Williams, yes.)

Potsie

Todd
    $1,000 30
Easter Sunday

Janet
    $500 27
Grandma Moses

Todd
    $500 26
Caroline Kennedy

Triple Stumper
    $500 20
a sole soul

Janet

Scores at the first commercial break (after clue 15):

Todd Janet Bruce
$1,700 $1,700 $700

Scores at the end of the Jeopardy! Round:

Todd Janet Bruce
$3,500 $3,500 $1,300

Double Jeopardy! Round responses

20th CENTURY NOVELS
ECONOMICS
U.S. CITIES
ACTORS OF THE PAST
OLD TESTAMENT
INVERTEBRATES
    $200 19
F. Scott Fitzgerald

Todd
    $200 26
research & development departments

Bruce
    $200 6
(Bruce: What is Ariz...uh.)
(Alex: Hurry.)
(Bruce: What is [*]?)
(Alex: You got the response in in time. Select again.

Phoenix, Arizona

Bruce
    $200 16
Westminster

Todd
    $200 3
Solomon

Janet
    $200 1
spiders

Bruce
    $400 20
James Clavell

Todd
    $400 27
the pump

Todd
    $400 7
Charlotte

Janet
    $400 17
Rome

Bruce
    $400 4
Samson

Todd
    $400 2
sponges

Todd
    $600 21
Shrugged

Janet
    $600 28
Nixon

Janet
    $600 8
Hilo

Todd
    $2,700 18
(Alex: You're in third place, Bruce, with 2,700.)
(Bruce: I'll go the whole 27.)

Lady Macbeth

Bruce
    $600 5
Lot

Todd
    $600 13
(Todd: What is its skeleton?)
---
(Alex: If you had said "it's exoskeleton", Todd, we would have accepted that, but "skeleton" by itself is not an acceptable response.)

its shell

ToddBruce
    $800 22
Evelyn Waugh

Todd
    $800 29
depreciation

Bruce
    $800 11
Buffalo

Todd
    $800 24
The Importance of Being Ernest

Triple Stumper
    $800 9
Jericho

Janet
    $800 14
worms

Todd
    $1000 23
William Faulkner

Triple Stumper
    $1000 30
(Janet: Who is Burghley?)

Sir Thomas Gresham

Janet
Triple Stumper
    $1,200 12
Jacksonville

Todd
    $1000 25
(Alex: And we have a minute to go.

(George Bernard) Shaw

Janet
    $1000 10
Rachel

Triple Stumper
    $1000 15
the thorax

Todd

Scores at the end of the Double Jeopardy! Round:

Todd Janet Bruce
$10,700 $6,100 $6,400

[wagering suggestions for these scores]

Final Jeopardy! Round responses

MYTHOLOGY
JanetWhat is Orion?
$6,100
BruceWhat is Sagittarius?
$5,801
ToddWhat is the Pleiades?
$2,102
Sagittarius

Final scores:

Todd Janet Bruce
$8,598 $0 $12,201
2nd place: Delta Airlines trip for 2 to San Juan, Puerto Rico 3rd place: assortment of Bell phones + Nintendo Entertainment System and games New champion: $12,201

Game dynamics:

Coryat scores:

Todd Janet Bruce
$10,500 $5,600 $4,300
25 R
(including 1 DD),
1 W
16 R
(including 1 DD),
2 W
13 R
(including 1 DD),
1 W

Combined Coryat: $20,400

[game clues] [game scores] [suggest correction]

Game tape date: 1991-10-22
The J! Archive is created by fans, for fans. Scraping, republication, monetization, and malicious use prohibited; this site may use cookies and collect identifying information. See terms. The Jeopardy! game show and all elements thereof, including but not limited to copyright and trademark thereto, are the property of Jeopardy Productions, Inc. and are protected under law. This website is not affiliated with, sponsored by, or operated by Jeopardy Productions, Inc. Join the discussion at JBoard.tv.